000 00602cam a2200181 4500
001 16
010 _a 2001357566
020 _a8173871191
043 _aa-bt---
100 1 _aSinha, Awadhesh Coomar.
245 1 0 _aHimalayan kingdom Bhutan :
_btradition, transition, and transformation /
_cA.C. Sinha.
246 3 0 _aBhutan
260 _aNew Delhi :
_bIndus Pub. Co.,
_c2001.
300 _a260 p. ;
_c23 cm.
504 _aIncludes bibliographical references (p. [253]-255) and indexes.
520 _aPredominantly on contemporary politics of Bhutan.
651 0 _aBhutan
_xPolitics and government
_y20th century.
999 _c14
_d14